Statistics for Every Kalos Legendry and Mythical

Click here to take the quiz!

General Stats

  • This quiz has been taken 4 times
  • The average score is 5 of 6

Answer Stats

HintAnswer% Correct
716Xerneas
100%
717Yveltal
100%
718Zygarde
100%
719Diancie
75%
721Volcanion
75%
720Hoopa
50%

Score Distribution

Percentile by Number Answered

Percent of People with Each Score

Your Score History

You have not taken this quiz